O estranho caso do ladrão de notícias (Registo nº 1345)

Detalhes MARC
000 -Etiqueta do registo
Cabeçalho 01020nam0a2200301 4500
005 - Identificador da versão
Campo de controlo 20240813121833.0
010 ## - Número internacional normalizado dos livros (ISBN)
Número (ISBN) 9789722346559
021 ## - Número do Depósito Legal
Código do país PT
Número 334 867/11
100 ## - Dados gerais de processamento
Dados gerais de processamento 20160506d2011 a y0pory5003 ba
102 ## - Pais de publicação ou produção
País de publicação Portugal
101 1# - Língua de publicação
Língua do texto, banda sonora, etc. Português
Língua do documento no original Italiano
215 ## - Descrição física 
Indicação específica da natureza do documento e extensão da espécie 113, [13] p.
Outras indicações físicas il. color
200 1# - Titulo e menção de responsabilidade
Título próprio O estranho caso do ladrão de notícias
Primeira menção de responsabilidade Geronimo Stilton
Outras menções de responsabilidade il. Danilo Loizedda e Christian Aliprandi
-- trad. Carlos Grifo Babo
225 2# - Colecção 
Título próprio da colecção Geronimo Stilton
Indicação de volume 45
205 ## - Menção da edição
Menção da edição 1ª ed
210 ## - Publicação, Distribuição, etc. 
Lugar da edição, distribuição, etc. Barcarena
Nome do editor, distribuidor, etc. Presença
Data da publicação, distribuição, etc. 2011
314 ## - Notas relativas a responsabilidade intelectual 
Texto da nota Geronimo Stilton é pseudónimo de Elizabetta Dami
606 ## - Nome comum usado como assunto
Número de registo de entrada de autoridade 0002849
Palavra de ordem Literatura italiana
Subdivisão de assunto Romances de aventuras
Código do sistema CA
675 ## - Classificação Decimal Universal (CDU)
Notação 821.131.1-311.3
Edição 3ª ed.
Língua da edição por
702 #1 - Nome de autor-pessoa física (responsabilidade secundária)
Número de registo de entrada de autoridade 0002860
Palavra de ordem Loizedda
Outra parte do nome não tomada para palavra de ordem Danilo
Código de função Ilustrador / Técnico de desenho computorizado
Número de registo de entrada de autoridade 0001424
Palavra de ordem Aliprandi
Outra parte do nome não tomada para palavra de ordem Christian
Código de função Ilustrador / Técnico de desenho computorizado
Número de registo de entrada de autoridade 0001416
Palavra de ordem Babo
Outra parte do nome não tomada para palavra de ordem Carlos Grifo
Código de função Tradutor
700 #1 - Nome de autor-pessoa física (responsabilidade principal)
Número de registo de entrada de autoridade 0002859
Palavra de ordem Stilton
Outra parte do nome não tomada para palavra de ordem Geronimo
Elementos de identificação ou distinção pseud.
966 ## - Identificação da Biblioteca
Sigla EB2,3ENM
942 ## - Elementos de entrada adicionados (Koha)
Tipo de item no Koha Livro
Exemplares
Situação do levantamento Origin of item (home branch) (coded) Biblioteca de empréstimo Código de barras Cota Circulation type (not for loan) Tipo de documento Nota do exemplar Damaged status
  Biblioteca Escolar Eng. Nuno Mergulhão Biblioteca Escolar Eng. Nuno Mergulhão BENM3042 | 2011 82LE-3 STI   Livro Sem mensagem